000 00653nam a22001937a 4500
003 BUBTL
008 190427b xxu||||| |||| 00| 0 eng d
020 _a984-70105-0236-7
082 _a954.925 / Is41l
100 _92294
_aইসলাম, রফিকুল
245 _aলক্ষ প্রানের বিনিময়ে /
_cরফিকুল ইসলাম
250 _a9th ed.
260 _aঢাকা :
_bঅনন্যা,
_cc2014.
300 _a542 p. :
_bill. ;
_c22 cm.
650 0 _91755
_aমুক্তিযুদ্ধ
856 _k0
_l0
_yDownload
942 _2ddc
_cBK
999 _c5992
_d5992